| 000 | 00746nam a2200205Ia 4500 | ||
|---|---|---|---|
| 003 | GCL | ||
| 008 | 140319s9999 xx 000 0 ara d | ||
| 040 |
_aGCL / _cGCL |
||
| 082 | 0 | 4 |
_a330.12 _bم م |
| 100 | 1 | _aمحيى الدين احمد حسين | |
| 245 | 1 | 0 |
_aالمتغيرات الاقتصادية الدولية وانعكاساته على اقتصادات منطقة الشرق الاوسط / _cمحيى الدين احمد حسين |
| 700 | 1 | _aمجاهد عبدالمنعم مجاهد | |
| 700 | 1 | _aمجذاب بدر عناد | |
| 300 | _a804 ص | ||
| 490 | _a | ||
| 650 | 0 | 4 | _aالاقتصاد الدولى |
| 650 | 0 | 4 | _aالنظم الاقتصادية |
| 650 | 0 | 4 | _aالشرق الاوسط - الاقتصاد |
| 942 |
_2ddc _cBK |
||
| 999 |
_c52294 _d52294 |
||